Statistiques concernant Tote bag de marque

Cliquez ici pour prendre le quiz!

Statistiques générales

  • Ce quiz a été pris 41 fois
  • Le résultat moyen est 9 sur 12

Statistiques - réponses

Réponse% Correct
Marc Jacobs
100%
Prada
100%
Channel
97%
Dior
97%
Tommy Hilfiger
95%
Carhartt
92%
Polo Ralph Lauren
89%
Valentino
79%
Guess
32%
Hermès
29%
Michael Kors
24%
Yves Saint Laurent
16%

Distribution des résultats

Percentile par nombre de réponses

% des personnes avec chaque résultat

Votre développement - résultats

Vous n’avez pas pris ce quiz